[Event "FRA-ch Juniors op"]
[Site "Aix les Bains"]
[Date "2009.04.24"]
[Round "7"]
[White "Allard, Thomas"]
[Black "Flores, Adrian"]
[Result "0-1"]
[WhiteElo "1701"]
[BlackElo "1510"]
[PlyCount "70"]
[EventDate "2009.04.19"]
[EventType "swiss"]
[EventRounds "9"]
[EventCountry "FRA"]
[SourceTitle "CBM 130 Extra"]
[Source "ChessBase"]
[SourceDate "2009.07.02"]
[SourceVersion "2"]
[SourceVersionDate "2009.07.15"]
[SourceQuality "1"]

1. e4 c5 2. Nf3 d6 3. d4 cxd4 4. Nxd4 Nf6 5. Nc3 a6 6. f3 e5 7. Nb3 Be6 8. Be3 Be7 9. Qd2 0-0 10. 0-0-0 a5 11. g4 a4 12. Na1 Nc6 13. h4 Nb4 14. Kb1 a3 15. b3 Qa5 16. h5 Rfc8 17. g5 Ne8 18. g6 f5 19. Bh3 Nxc2 20. Nxc2 Qxc3 21. Qxc3 Rxc3 22. exf5 Bxb3 23. axb3 Bf6 24. Rc1 Rxb3+ 25. Ka2 Rb2+ 26. Ka1 Nc7 27. Rhd1 Nb5 28. Bf1 Nc3 29. Bc4+ Kh8 30. Rd2 b5 31. Bd5 e4 32. Nd4 Nxd5 33. Rxb2 axb2+ 34. Kxb2 Nxe3 35. Kc3 Rc8+ 0-1